Aspects de Galdós / (Record no. 127089)

MARC details
000 -LEADER
campo de control de longitud fija 00881nam a2200229 i 4500
001 - NÚMERO DE CONTROL
campo de control 127089
003 - IDENTIFICADOR DE NÚMERO DE CONTROL
campo de control ES-MaACL
005 - FECHA Y HORA DE LA ÚLTIMA TRANSACCIÓN
campo de control 20250809083427.0
007 - CAMPO FIJO DE DESCRIPCIÓN FÍSICA--INFORMACIÓN GENERAL
campo de control de longitud fija t|
008 - DATOS DE LONGITUD FIJA--INFORMACIÓN GENERAL
campo de control de longitud fija 070214s1963 fr |||| | fre d
100 1# - ENTRADA PRINCIPAL--NOMBRE DE PERSONA
Nombre de persona Ricard, Robert.
9 (RLIN) 96852
245 10 - MENCIÓN DEL TÍTULO
Título Aspects de Galdós /
Mención de responsabilidad, etc. par Robert Ricard.
250 ## - MENCION DE EDICION
Mención de edición 1ª éd.
260 ## - PUBLICACIÓN, DISTRIBUCIÓN, ETC.
Lugar de publicación, distribución, etc. Paris :
Nombre del editor, distribuidor, etc. Presses Universitaires de France,
Fecha de publicación, distribución, etc. 1963.
300 ## - DESCRIPCIÓN FÍSICA
Extensión 104 p. ;
Dimensiones 23 cm.
490 1# - MENCIÓN DE SERIE
Mención de serie Publications de la Faculté des Lettres et Sciences Humaines de Paris . Serie Etudes et méthodes ;
Designación de volumen o secuencia 10
600 14 - PUNTO DE ACCESO ADICIONAL DE MATERIA--NOMBRE DE PERSONA
Nombre de persona Pérez Galdós, Benito,
Fechas asociadas al nombre 1843-1920-
Subdivisión general Crítica e interpretación
9 (RLIN) 90875
710 2# - ENTRADA AGREGADA--NOMBRE DE ENTIDAD CORPORATIVA
Nombre de entidad corporativa o nombre de jurisdicción como elemento de entrada Université de Paris.
Unidad subordinada Faculté des Lettres et Sciences Humaines.
9 (RLIN) 7485
830 00 - PUNTO DE ACCESO ADICIONAL DE SERIE-TÍTULO UNIFORME
Título uniforme Publications de la Faculté des lettres de l'Université de Strasbourg
Designación de volumen o secuencia 10
9 (RLIN) 184104
852 ## - LOCALIZACIÓN
Ubicación ES-MaACL
Número de control de estantería L-9820
Holdings
Estatus retirado Estado de pérdida Estado de daño No para préstamo Biblioteca de origen Biblioteca actual Ubicación en estantería Fecha de adquisición Fuente de adquisición Total de préstamos Signatura topográfica completa Código de barras Visto por última vez Precio de reemplazo Tipo de ítem Koha
        Biblioteca del Ateneo de Madrid Biblioteca del Ateneo de Madrid Depósito 2 17/01/2008     L-9820 1132369 23/02/2023 23/02/2023 Libro impreso